Grunge Band Quiz - Statistics

General Stats
  • This quiz has been taken 491 times
  • The average score is 11 of 27
Answer Stats
Hint Answer % Correct
Smells Like Teen Spirit, Come As You Are, About A Girl Nirvana
93%
Black Hole Sun, Fell On Black Days, Spoonman Soundgarden
93%
1979, Bullet With Butterfly Wings, Disarm The Smashing Pumpkins
90%
Even Flow, Alive, Black Pearl Jam
87%
Everlong, The Pretender, Learn to Fly Foo Fighters
86%
Man in the Box, Would?, Nutshell Alice in Chains
84%
Interstate Love Song, Plush, Creep Stone Temple Pilots
76%
Hunger Strike, Say Hello 2 Heaven, Call Me A Dog Temple of the Dog
60%
Celebrity Skin, Violet, Malibu Hole
58%
Glycerine, Machinehead, Comedown Bush
57%
River of Deceit, I Don't Know Anything, Wake Up Mad Season
34%
Touch Me I'm Sick, Suck You Dry, Sweet Young Thing Ain't Sweet No More Mudhoney
31%
Far Behind, You, Cover Me Candlebox
29%
Tomorrow, Freak, Miss You Love Silverchair
27%
Chloe Dancer/ Crown Of Thorns, This Is Shangrila, Crown of Thorns Mother Love Bone
26%
Pretend We're Dead, Shitlist, Wargasm L7
25%
Bound For The Floor, Eddie Vedder, Wolf Like Me Local H
24%
Nearly Lost You, Shadow of the Season, All I Know Screaming Trees
24%
Honey Bucket, Revolve, Skweetis Melvins
18%
Swallow My Pride, This Town, Rehab Doll Green River
14%
Bruise Violet, Sweet '69, He's My Thing Babes in Toyland
12%
Leafy Incline, Grease Box, Jinx Tad
12%
Burn a Hole, 1000 Smiling Knuckles, PyschoRiflePowerHypnotized Skin Yard
9%
Dead Men Don't Rape, The Scratch, Kiss My Ass Goodbye 7 Year Bitch
6%
Between the Eyes, Out Of Focus, Half Past You Love Battery
6%
Jezebel Woman, My Only Fan, Mr. Liberty (With Morals) Malfunkshun
6%
Second Skin, Another Shot of Whiskey, Bob - Cousin O The Gits
5%
No matching quizzes found
Score Distribution
Percent of People with Each Score
Percentile by Number Answered
Your Score History
You have not taken this quiz